[Event "Skopje op"]
[Site "Skopje"]
[Date "2023.12.08"]
[Round "4"]
[White "Kantorik, Marian"]
[Black "Mantazis, Georgios Rafail"]
[Result "1-0"]
[WhiteElo "2201"]
[BlackElo "1789"]
[PlyCount "25"]
[EventDate "2023.12.06"]
[EventType "swiss"]
[EventRounds "9"]
[EventCountry "MKD"]
[SourceTitle "CB50_2023"]
[SourceDate "2023.12.13"]
[SourceVersion "1"]
[SourceVersionDate "2023.12.13"]
[SourceQuality "1"]

1. d4 d5 2. Nf3 Nf6 3. Bf4 e6 4. e3 Be7 5. Nbd2 0-0 6. Bd3 c5 7. c3 Nc6 8. Ne5 Nd7 9. h4 Ndxe5 10. dxe5 f5 11. g4 Qc7 12. Nf3 fxg4 13. Ng5 1-0

[Event "GRE-ch U14"]
[Site "Peristeri"]
[Date "2023.07.09"]
[Round "9"]
[White "Mavridis, Emmanouil"]
[Black "Mantazis, Georgios Rafail"]
[Result "1/2-1/2"]
[WhiteElo "1598"]
[BlackElo "1445"]
[PlyCount "124"]
[EventDate "2023.07.03"]
[EventType "swiss"]
[EventRounds "9"]
[EventCountry "GRE"]
[SourceTitle "EXT 2024"]
[Source "ChessBase"]
[SourceDate "2023.10.10"]
[SourceVersion "1"]
[SourceVersionDate "2023.10.10"]
[SourceQuality "1"]

1. d4 d5 2. c4 e6 3. Nc3 Nf6 4. Bg5 Nbd7 5. e3 Be7 6. Nf3 0-0 7. Qc2 c6 8. cxd5 exd5 9. Bd3 Re8 10. 0-0 Nf8 11. h3 Ng6 12. Nd2 Nd7 13. Bxe7 Rxe7 14. b4 Nf6 15. a4 Bd7 16. Nb3 Qc8 17. Kh2 Nh4 18. Nc5 Qc7+ 19. Kg1 Rae8 20. Nxd7 Qxd7 21. Ne2 Ne4 22. Bxe4 Rxe4 23. Ng3 R4e7 24. Qc5 b6 25. Qc2 Qd6 26. Rab1 Kh8 27. Rfc1 Rc7 28. Nf5 Nxf5 29. Qxf5 h6 30. Qc2 Re6 31. a5 Rg6 32. axb6 axb6 33. Qd2 Qe6 34. Kh2 Qe4 35. f3 Qh4 36. b5 Qg3+ 37. Kh1 Qd6 38. Qc3 c5 39. dxc5 Rxc5 40. Qd2 Rg5 41. f4 Rg3 42. Kh2 Rg6 43. Qd4 Rxc1 44. Rxc1 Qd7 45. Qd3 Re6 46. Ra1 Re4 47. Rd1 Qe6 48. Qxd5 Rxe3 49. Qd8+ Kh7 50. Rd6 Qe4 51. Rd4 Qf5 52. Qxb6 f6 53. Qc6 Qg6 54. Rd1 Qg3+ 55. Kg1 Qxf4 56. b6 Qe4 57. Qc7 Re2 58. Qg3 Re3 59. Qf2 Re2 60. Qg3 Re3 61. Qd6 Re2 62. Qg3 Re3 1/2-1/2

[Event "Thessaloniki White Tower op-B 43rd"]
[Site "Thessaloniki"]
[Date "2023.01.05"]
[Round "5"]
[White "Mantazis, Georgios Rafail"]
[Black "Samakas, Stavros"]
[Result "0-1"]
[WhiteElo "1500"]
[BlackElo "1875"]
[PlyCount "80"]
[EventDate "2023.01.02"]
[EventType "swiss"]
[EventRounds "9"]
[EventCountry "GRE"]
[SourceTitle "CBM 212 Extra"]
[Source "ChessBase"]
[SourceDate "2023.03.31"]
[SourceVersion "1"]
[SourceVersionDate "2023.03.31"]
[SourceQuality "1"]

1. e4 d6 2. d4 Nf6 3. Nc3 c6 4. Nge2 Nbd7 5. g3 e5 6. Bg2 Be7 7. 0-0 0-0 8. b3 Qc7 9. Ba3 Qa5 10. Bb2 Re8 11. h3 Bf8 12. Re1 Qc7 13. f4 exd4 14. Nxd4 Nc5 15. a3 a5 16. Re2 Ne6 17. Nf3 b5 18. Qe1 Ba6 19. Rd2 Nc5 20. Nd4 b4 21. axb4 axb4 22. Na4 Ncxe4 23. Rdd1 Nc3 24. Bxc3 Rxe1+ 25. Bxe1 Bb7 26. Bf2 d5 27. Re1 c5 28. Nb5 Qc6 29. c4 bxc3 30. Nbxc3 Rd8 31. Rad1 Qc7 32. Re5 d4 33. Bxb7 dxc3 34. Rxd8 c2 35. Rxf8+ Kxf8 36. Bxc5+ Kg8 37. Be3 Qxb7 38. Rc5 h5 39. Rc3 Qf3 40. Rc8+ Kh7 0-1

[Event "GRE-ch U12"]
[Site "Thessaloniki"]
[Date "2022.08.23"]
[Round "8"]
[White "Skodras, Marios Konstantinos"]
[Black "Mantazis, Georgios Rafail"]
[Result "0-1"]
[WhiteElo "1500"]
[BlackElo "1347"]
[PlyCount "96"]
[EventDate "2022.08.18"]
[EventType "swiss"]
[EventRounds "9"]
[EventCountry "GRE"]
[SourceTitle "EXT 2023"]
[Source "ChessBase"]
[SourceDate "2022.10.05"]
[SourceVersion "1"]
[SourceVersionDate "2022.10.05"]
[SourceQuality "1"]

1. e4 c5 2. Nf3 a6 3. Nc3 d6 4. d4 cxd4 5. Nxd4 Nf6 6. Be2 e5 7. Nb3 Nbd7 8. 0-0 Be7 9. Be3 0-0 10. Qd2 b5 11. a4 b4 12. Nd5 Bb7 13. Nxe7+ Qxe7 14. Bf3 Rab8 15. Bg5 h6 16. Bxf6 Nxf6 17. Rfe1 Qc7 18. Rad1 Rfc8 19. Re2 Rd8 20. h3 Bc6 21. a5 Ba4 22. Ra1 Bxb3 23. cxb3 Nd7 24. Re3 Nc5 25. Be2 Qb7 26. Qc2 Ne6 27. Bc4 Nd4 28. Qd3 Qc6 29. Rg3 Ne6 30. Bd5 Qb5 31. Qxb5 Rxb5 32. Bc4 Rc5 33. Bxa6 Ra8 34. Bc4 Raxa5 35. Rxa5 Rxa5 36. Bxe6 fxe6 37. Rd3 d5 38. exd5 exd5 39. Re3 d4 40. Rd3 Ra1+ 41. Kh2 Kf7 42. Kg3 Ke6 43. f4 exf4+ 44. Kxf4 Kd5 45. Kf3 Rf1+ 46. Ke2 Rb1 47. Kf3 Rxb2 48. g3 Rc2 0-1